Системы электроснабжения транспорта и предприятий (Запись № 10637023)

Подробности
000 -МАРКЕР
контрольное поле 02594nam0a2200361 i 4500
001 - ИДЕНТИФИКАТОР ЗАПИСИ
контрольное поле RU\NLR\BIBL_A\010912386
005 - ИДЕНТИФИКАТОР ВЕРСИИ
контрольное поле 20260405140116.0
010 ## - МЕЖДУНАРОДНЫЙ СТАНДАРТНЫЙ НОМЕР КНИГИ (ISBN)
Номер (ISBN) 9785811906352
Тираж 500
021 ## - НОМЕР ГОСУДАРСТВЕННОЙ РЕГИСТРАЦИИ
Код страны Российская Федерация
Номер 2015-84263
Номер Листа государственной регистраци 5152
035 ## - ДРУГИЕ СИСТЕМНЫЕ НОМЕРА
Идентификатор записи (NILC)RuMoRGB-008057411
035 ## - ДРУГИЕ СИСТЕМНЫЕ НОМЕРА
Идентификатор записи (NLR Aleph) 010912386
100 ## - ДАННЫЕ ОБЩЕЙ ОБРАБОТКИ
Данные общей обработки 20151126d2015 um y0rusy50 ca
101 0# - ЯЗЫК РЕСУРСА
Язык текста, звукозаписи и т.д. русский
102 ## - СТРАНА ПУБЛИКАЦИИ ИЛИ ПРОИЗВОДСТВА
Страна публикации Российская Федерация
105 ## - ПОЛЕ КОДИРОВАННЫХ ДАННЫХ: ТЕКСТОВЫЕ МАТЕРИАЛЫ, МОНОГРАФИЧЕСКИЕ
Кодированные данные о монографическом текстовом документе a|||j|||000zy
200 1# - ЗАГЛАВИЕ И СВЕДЕНИЯ ОБ ОТВЕТСТВЕННОСТИ
Основное заглавие Системы электроснабжения транспорта и предприятий
Сведения, относящиеся к заглавию учебник
-- [по направлениям подготовки: бакалавров "Электроэнергетика и электротехника" и специалистов - "Эксплуатация судового электрооборудования и средств автоматизации"]
Первые сведения об ответственности С. В. Горелов, В. П. Горелов, Е. В. Иванова
Последующие сведения об ответственности под ред. д-ров техн. наук, профессоров В. П. Горелова, В. Г. Сальникова
-- М-во трансп. Российской Федерации, Федеральное агентство морского и речного трансп., Федеральное гос. бюджетное образовательное учреждение высш. образования "Сибирский гос. ун-т водного трансп."
210 ## - ПУБЛИКАЦИЯ, РАСПРОСТРАНЕНИЕ И ДР.
Место издания, распространения и т.д. Новосибирск
Имя издателя, распространителя и т. д. ФГБОУ ВО "Сибирский государственный университет водного транспорта"
Дата издания, распространения и т.д. 2015
215 ## - ФИЗИЧЕСКАЯ ХАРАКТЕРИСТИКА
Специфическое обозначение материала и объем 526 с.
Другие сведения о физической характеристике ил.
Размеры 21
320 ## - ПРИМЕЧАНИЯ О НАЛИЧИИ В ДОКУМЕНТЕ БИБЛИОГРАФИИ / УКАЗАТЕЛЯ
Текст примечания Библиогр.: с. 412-414 (17 назв.)
606 1# - НАИМЕНОВАНИЕ ТЕМЫ КАК ПРЕДМЕТ
Наименование темы Транспорт
Формальный подзаголовок Учебники для высших учебных заведений
Тематический подзаголовок Электроснабжение
Системный номер авторитетной/нормативной записи 2483896
Идентификатор авторитетной/нормативной записи RU\NLR\AUTH\661474304
606 1# - НАИМЕНОВАНИЕ ТЕМЫ КАК ПРЕДМЕТ
Наименование темы Промышленные предприятия
Формальный подзаголовок Учебники для высших учебных заведений
Тематический подзаголовок Электроснабжение
Системный номер авторитетной/нормативной записи 1984243
Идентификатор авторитетной/нормативной записи RU\NLR\AUTH\66910502
675 ## - УНИВЕРСАЛЬНАЯ ДЕСЯТИЧНАЯ КЛАССИФИКАЦИЯ (UDC/УДК)
Индекс 621.31
686 1# - ИНДЕКСЫ ДРУГИХ КЛАССИФИКАЦИЙ
Индекс О162я73-1
686 1# - ИНДЕКСЫ ДРУГИХ КЛАССИФИКАЦИЙ
Индекс З29-5я73-1
700 #1 - ИМЯ ЛИЦА - ПЕРВИЧНАЯ ОТВЕТСТВЕННОСТЬ
Начальный элемент ввода Горелов
Часть имени, кроме начального элемента ввода С. В.
Даты 1970-
Расширение инициалов личного имени Сергей Валерьевич
701 #1 - ИМЯ ЛИЦА - АЛЬТЕРНАТИВНАЯ ОТВЕТСТВЕННОСТЬ
Графика поля Кириллица
Материалы, к которым относится поле rus
Начальный элемент ввода Горелов
Часть имени, кроме начального элемента ввода В. П.
Даты 1941-
Расширение инициалов личного имени Валерий Павлович
Системный номер авторитетной/нормативной записи 37811
Идентификатор авторитетной/нормативной записи RU\NLR\AUTH\7754879
701 #1 - ИМЯ ЛИЦА - АЛЬТЕРНАТИВНАЯ ОТВЕТСТВЕННОСТЬ
Графика поля Кириллица
Материалы, к которым относится поле rus
Начальный элемент ввода Иванова
Часть имени, кроме начального элемента ввода Е. В.
Дополнения к именам, кроме дат д-р техн. наук
Расширение инициалов личного имени Елена Васильевна
Системный номер авторитетной/нормативной записи 39328
Идентификатор авторитетной/нормативной записи RU\NLR\AUTH\7756396
801 #0 - ИСТОЧНИК ЗАПИСИ
Страна Российская Федерация
Организация РГБ
Дата составления 20151030
Правила каталогизации RCR
942 ## - ДОПОЛНИТЕЛЬНЫЕ ЭЛЕМЕНТЫ ЗАПИСИ (АБИС)
Тип экземпляра АБИС Книга
980 ## - КОЛЛЕКЦИЯ
Название коллекции НБР

Нет доступных экземпляров.